Sulle facoltà naturali.

Guardat en:
Dades bibliogràfiques
Autor principal: Galeno (autore)
Altres autors: Mortarino, Marzia (editora)
Format: Llibre
Publicat: Milano, Italia: Armoldo Mondadori Editore, 1996.
Col·lecció:Classici Greci e Latini,
Matèries:
Etiquetes: Afegir etiqueta
Sense etiquetes, Sigues el primer a etiquetar aquest registre!

MARC

LEADER 00000nam a22000007a 4500
003 CL-VaPUC
005 20220822114714.0
008 220725t1996 ||||| |||| 00| 0 eng d
999 |c 437483  |d 437481 
020 |a 88-04-41919-9 
040 |c Pontificia Universidad Católica de Valparaíso 
082 7 |a 610.938 GAL 1996 
100 |a Galeno  |e autore  |9 508255 
245 |a Sulle facoltà naturali.  
260 |a Milano, Italia:  |b Armoldo Mondadori Editore,   |c 1996. 
300 |a 308 páginas.  
490 |a Classici Greci e Latini,   |n  104.  
500 |a c.1 Donación Familia Prof. Alejandro Guzmán Brito. 
583 |c 20220725  |k Cristina María Rojas Aguilar 
650 |a Medicina griega y romana  |9 319392 
650 |a Medicina antigua  |9 335173 
700 |a Mortarino, Marzia  |e editora  |9 873792 
942 |2 ddc  |c BK  |n 0 
952 |0 0  |1 0  |2 ddc  |4 0  |6 610_938000000000000_GAL_1996  |7 0  |8 C_AGB  |9 585253  |a BIBDER  |b BIBDER  |d 2022-07-25  |e Donación   |i 5653219  |o 610.938 GAL 1996  |p 5653219  |r 2023-01-25  |t 1  |w 2022-07-25  |y BK_US  |k AGB